[Event "23. Aberto Xadrez Albariño"]
[Site "Cambados ESP"]
[Date "2007.08.08"]
[Round "7.4"]
[White "Menendez Rey, Javier"]
[Black "Ivanov, Jordan"]
[Result "0-1"]
[WhiteElo "2251"]
[BlackElo "2382"]
[PlyCount "132"]
[EventDate "2007.08.02"]
[EventType "swiss"]
[EventRounds "9"]
[EventCountry "ESP"]
[Source "lmi"]
[SourceDate "2007.08.02"]

1. d4 Nf6 2. Nc3 d5 3. Bg5 Nbd7 4. e3 g6 5. f4 Bg7 6. Bd3 c5 7. Nf3 b6 8. O-O
O-O 9. Qe1 h6 10. Bh4 Bb7 11. Ne5 a6 12. Rd1 c4 13. Be2 b5 14. Bf3 Ne4 15. g4
Qe8 16. Bg2 f6 17. Nxd7 Qxd7 18. Nxe4 dxe4 19. f5 g5 20. Bg3 Qd5 21. Qa5 Rfc8
22. c3 Bf8 23. h3 Bc6 24. Ra1 Bd7 25. a4 Kg7 26. axb5 axb5 27. Qb6 h5 28. Bh2
hxg4 29. hxg4 Ra4 30. Rxa4 bxa4 31. Rf2 Ra8 32. Bg3 a3 33. bxa3 Rxa3 34. Qb2 e6
35. Bh3 Rb3 36. Qc2 exf5 37. gxf5 Ba3 38. Qe2 Rxc3 39. Be5 Bd6 40. Bxf6+ Kxf6
41. Qh5 Qg8 42. Qh6+ Ke7 43. f6+ Kd8 44. f7 Rc1+ 45. Bf1 Qf8 46. Qf6+ Kc7 47.
Qxg5 Bh3 48. Qa5+ Kd7 49. Qb5+ Kd8 50. Qa5+ Bc7 51. Qa8+ Bc8 52. Qd5+ Bd6 53.
Qa5+ Kd7 54. Qb5+ Kc7 55. Qa5+ Kb8 56. Qb6+ Bb7 57. Qxd6+ Qxd6 58. f8=Q+ Qxf8
59. Rxf8+ Kc7 60. Kf2 c3 61. Rf5 c2 62. Rc5+ Kd6 63. Bg2 Ba6 64. Kg3 Bd3 65.
Kf4 Rg1 66. Bxe4 Bxe4 0-1

[Event "23. Aberto Xadrez Albariño"]
[Site "Cambados ESP"]
[Date "2007.08.08"]
[Round "7.5"]
[White "Torrado Quintela, Julio"]
[Black "Rodriguez Lopez, Rafael"]
[Result "1-0"]
[WhiteElo "2261"]
[BlackElo "2292"]
[PlyCount "77"]
[EventDate "2007.08.02"]
[EventType "swiss"]
[EventRounds "9"]
[EventCountry "ESP"]
[Source "lmi"]
[SourceDate "2007.08.02"]

1. d4 Nf6 2. Nf3 g6 3. Bg5 Bg7 4. e3 d5 5. Bd3 O-O 6. Nbd2 Nbd7 7. c3 Re8 8.
Qc2 e5 9. dxe5 Nxe5 10. Nxe5 Rxe5 11. Nf3 Re8 12. O-O-O h6 13. Bh4 Qe7 14. h3
Bd7 15. g4 c5 16. g5 hxg5 17. Nxg5 Rf8 18. Rhg1 c4 19. Bxg6 fxg6 20. Qxg6 Qe8
21. Qc2 Qe5 22. Rd4 Bf5 23. Qd1 b5 24. Nf3 Qe6 25. Rf4 Ne4 26. Nd4 Qd7 27. Qh5
Bh7 28. Rfg4 Rf7 29. f3 Nc5 30. Bf6 Nd3+ 31. Kd2 Rxf6 32. Rxg7+ Qxg7 33. Qxd5+
Kh8 34. Rxg7 Kxg7 35. Qxa8 Rg6 36. Qb7+ Kh8 37. f4 Rg8 38. f5 Nc5 39. Qd5 1-0

[Event "23. Aberto Xadrez Albariño"]
[Site "Cambados ESP"]
[Date "2007.08.08"]
[Round "7.6"]
[White "Rusev, Krasimir"]
[Black "Peña Torres, Jose Carlos"]
[Result "1-0"]
[WhiteElo "2443"]
[BlackElo "2131"]
[PlyCount "69"]
[EventDate "2007.08.02"]
[EventType "swiss"]
[EventRounds "9"]
[EventCountry "ESP"]
[Source "lmi"]
[SourceDate "2007.08.02"]

1. d4 Nf6 2. Bg5 Ne4 3. Bf4 d5 4. e3 e6 5. Bd3 Nf6 6. Nd2 Bd6 7. Ne2 Nbd7 8. c4
e5 9. Bg5 e4 10. Bc2 c6 11. Nc3 Be7 12. O-O O-O 13. cxd5 cxd5 14. f3 exf3 15.
Nxf3 b6 16. Qd3 Bb7 17. Qf5 Rc8 18. Bb3 h6 19. Bh4 a6 20. Rae1 b5 21. a3 Nb6
22. Ne5 Na4 23. Bxf6 Bxf6 24. Bc2 Re8 25. Nd7 Re4 26. Bxe4 dxe4 27. Nxf6+ Qxf6
28. Qxc8+ Bxc8 29. Rxf6 gxf6 30. Nxe4 Nxb2 31. Nxf6+ Kf8 32. Rc1 Nc4 33. a4 Bb7
34. Nd7+ Ke7 35. Nc5 1-0

[Event "23. Aberto Xadrez Albariño"]
[Site "Cambados ESP"]
[Date "2007.08.08"]
[Round "7.7"]
[White "Garcia Castro, Pablo"]
[Black "Veganzonez Rojo, David"]
[Result "1-0"]
[WhiteElo "2405"]
[BlackElo "2104"]
[PlyCount "83"]
[EventDate "2007.08.02"]
[EventType "swiss"]
[EventRounds "9"]
[EventCountry "ESP"]
[Source "lmi"]
[SourceDate "2007.08.02"]

1. e4 c6 2. d3 d5 3. Nd2 e5 4. Ngf3 Bd6 5. g3 Nf6 6. Bg2 O-O 7. O-O dxe4 8.
dxe4 Bg4 9. h3 Bxf3 10. Qxf3 Re8 11. a4 a5 12. Rd1 Qc7 13. Nc4 Bf8 14. b3 Nbd7
15. Bb2 Bc5 16. Rd2 Nb6 17. Ne3 Rad8 18. Rad1 Rxd2 19. Rxd2 Bb4 20. Rd1 Nbd7
21. Nf5 Bf8 22. Bc1 Nc5 23. Re1 Ne6 24. Bf1 Nd4 25. Nxd4 exd4 26. Qd3 Bb4 27.
Re2 Nd7 28. Qxd4 Ne5 29. Kg2 Rd8 30. Qe3 Qd6 31. f4 Nd7 32. Bb2 Nf8 33. e5 Qd5+
34. Qf3 Qd1 35. f5 Re8 36. Qg4 Qd5+ 37. Kh2 g6 38. Bg2 Qd1 39. h4 h5 40. Qf3
Bc5 41. e6 fxe6 42. fxg6 1-0

[Event "23. Aberto Xadrez Albariño"]
[Site "Cambados ESP"]
[Date "2007.08.08"]
[Round "7.8"]
[White "Cebrian Ramos, Jose Luis"]
[Black "Eyo Castro-Rial, Alberto"]
[Result "1-0"]
[WhiteElo "2056"]
[BlackElo "2192"]
[PlyCount "76"]
[EventDate "2007.08.02"]
[EventType "swiss"]
[EventRounds "9"]
[EventCountry "ESP"]
[Source "lmi"]
[SourceDate "2007.08.02"]

1. d4 f5 2. c4 Nf6 3. Nc3 g6 4. Nf3 Bg7 5. g3 d6 6. Bg2 O-O 7. O-O Nc6 8. d5
Ne5 9. Nxe5 dxe5 10. c5 h6 11. b4 g5 12. Qb3 Kh8 13. Bb2 Qe8 14. Rad1 f4 15.
Ne4 Bf5 16. Nxf6 Bxf6 17. d6 exd6 18. cxd6 c6 19. e4 Be6 20. Qa4 Qd7 21. Rd2
Bg7 22. Rc1 Bh3 23. Bxh3 Qxh3 24. Qd1 f3 25. Qf1 Qg4 26. Rc4 Rad8 27. b5 cxb5
28. Rc5 Qxe4 29. Qa1 Rfe8 30. d7 Re6 31. Rc8 Bf6 32. Rd1 Kh7 33. Re1 Qf5 34.
Rxe5 Rxe5 35. Rxd8 Qh3 36. Qb1+ Rf5 37. Qf1 Qxf1+ 38. Kxf1 Bxd8 1-0

[Event "23. Aberto Xadrez Albariño"]
[Site "Cambados ESP"]
[Date "2007.08.08"]
[Round "7.9"]
[White "Fernandez Losada, Daniel"]
[Black "De Dios Alija, Rafael"]
[Result "1-0"]
[WhiteElo "2158"]
[BlackElo "2047"]
[PlyCount "83"]
[EventDate "2007.08.02"]
[EventType "swiss"]
[EventRounds "9"]
[EventCountry "ESP"]
[Source "lmi"]
[SourceDate "2007.08.02"]

1. e4 d5 2. exd5 Nf6 3. d4 Bg4 4. Nf3 Qxd5 5. Be2 Nc6 6. Be3 e6 7. Nbd2 Bd6 8.
h3 Bxf3 9. Bxf3 Qf5 10. c4 O-O 11. c5 Be7 12. O-O Rad8 13. Bxc6 bxc6 14. Qf3
Qd5 15. Rfe1 Rb8 16. b3 Rb5 17. Rad1 a5 18. a4 Rb4 19. Nc4 Rxb3 20. Nxa5 Ra3
21. Nxc6 Qd7 22. Ra1 Rxa1 23. Rxa1 Nd5 24. Ne5 Qc8 25. a5 Qa6 26. Qg3 Ra8 27.
h4 f6 28. Bh6 Bf8 29. Nd7 Qc8 30. c6 Kf7 31. Bd2 Qa6 32. Qf3 Bd6 33. Rc1 Qb5
34. Qh5+ Kg8 35. Qg4 f5 36. Qf3 Qb2 37. Qe2 Kf7 38. Re1 Re8 39. Qh5+ Ke7 40.
Bg5+ Nf6 41. Nxf6 gxf6 42. Qxh7+ 1-0

[Event "23. Aberto Xadrez Albariño"]
[Site "Cambados ESP"]
[Date "2007.08.08"]
[Round "7.10"]
[White "Stanoev, Atanas"]
[Black "Torres Dominguez, David"]
[Result "1/2-1/2"]
[WhiteElo "1953"]
[BlackElo "2145"]
[PlyCount "47"]
[EventDate "2007.08.02"]
[EventType "swiss"]
[EventRounds "9"]
[EventCountry "ESP"]
[Source "lmi"]
[SourceDate "2007.08.02"]

1. d4 d6 2. c4 e5 3. Nc3 exd4 4. Qxd4 Nc6 5. Qd2 Nf6 6. Nf3 Ne5 7. e3 Nxf3+ 8.
gxf3 Be6 9. e4 g6 10. b3 Bg7 11. Bb2 Nh5 12. Ne2 Bxb2 13. Qxb2 Qf6 14. Qxf6
Nxf6 15. h4 Nd7 16. Nd4 Ke7 17. Kd2 a5 18. a3 Nc5 19. Bd3 Bd7 20. Bc2 Ne6 21.
Ne2 Nc5 22. Nd4 Ne6 23. Ne2 Nc5 24. Nd4 1/2-1/2

[Event "23. Aberto Xadrez Albariño"]
[Site "Cambados ESP"]
[Date "2007.08.08"]
[Round "7.11"]
[White "Rodriguez Calvo, Manoel"]
[Black "Patiño Romaris, Roberto"]
[Result "1-0"]
[WhiteElo "2142"]
[BlackElo "2248"]
[PlyCount "87"]
[EventDate "2007.08.02"]
[EventType "swiss"]
[EventRounds "9"]
[EventCountry "ESP"]
[Source "lmi"]
[SourceDate "2007.08.02"]

1. e4 d5 2. exd5 Nf6 3. Nf3 Nxd5 4. d4 Bg4 5. Be2 Nc6 6. O-O e6 7. h3 Bh5 8. c4
Nb6 9. Nc3 Be7 10. d5 exd5 11. cxd5 Nb4 12. Bb5+ Kf8 13. g4 Bg6 14. Ne5 N4xd5
15. Nxd5 Qxd5 16. Nd7+ Kg8 17. Nxb6 Qxd1 18. Rxd1 axb6 19. Bf4 c6 20. Bc4 Bf6
21. Rd7 h5 22. Re1 hxg4 23. hxg4 Ra4 24. b3 Rxa2 25. Re3 Rh4 26. Be2 Rxe2 27.
Rxe2 Rxg4+ 28. Bg3 Be4 29. Rxb7 b5 30. Rb6 Bd5 31. Rd2 Bd4 32. Rb8+ Kh7 33. Rd3
Be5 34. Rd8 Bxg3 35. fxg3 Rb4 36. Rd6 g6 37. Kf2 Kh6 38. Re3 Kg5 39. Rc3 Kg4
40. Rd3 g5 41. Rf6 Kh5 42. Ke3 g4 43. Rf4 Rxb3 44. Rf5+ 1-0

[Event "23. Aberto Xadrez Albariño"]
[Site "Cambados ESP"]
[Date "2007.08.08"]
[Round "7.12"]
[White "Perez Fungueiro, Manuel Antonio"]
[Black "Carril Gonzalez, Angel"]
[Result "1-0"]
[WhiteElo "2234"]
[BlackElo "2054"]
[PlyCount "89"]
[EventDate "2007.08.02"]
[EventType "swiss"]
[EventRounds "9"]
[EventCountry "ESP"]
[Source "lmi"]
[SourceDate "2007.08.02"]

1. c4 c5 2. g3 g6 3. Bg2 Bg7 4. Nc3 Nc6 5. a3 Nf6 6. Rb1 O-O 7. b4 cxb4 8. axb4
d6 9. b5 Ne5 10. d3 Qc7 11. Nh3 b6 12. O-O Bb7 13. e4 e6 14. Bb2 Qd7 15. Qe2 h5
16. d4 Neg4 17. Nf4 Qc7 18. h3 Nh6 19. Rbc1 Rfc8 20. Na2 a5 21. Rfd1 Kh7 22.
Ba3 Nd7 23. Bf1 Ng8 24. Nc3 Ne7 25. Na4 e5 26. dxe5 Bxe5 27. Nd5 Nxd5 28. cxd5
Nc5 29. f4 Bg7 30. Nxc5 bxc5 31. e5 dxe5 32. d6 Qd7 33. fxe5 Qf5 34. d7 Rd8 35.
Qf2 Qxe5 36. Rxc5 Qe6 37. Rc7 Bd5 38. Qc5 Bf3 39. Rd3 Bf8 40. Qe3 Qxe3+ 41.
Rxe3 Bd5 42. Bxf8 Rxf8 43. Bg2 Bxg2 44. Kxg2 Kg7 45. b6 1-0

[Event "23. Aberto Xadrez Albariño"]
[Site "Cambados ESP"]
[Date "2007.08.08"]
[Round "7.13"]
[White "Casanova Nuñez, Javier"]
[Black "Chesa Chavarria, Aurelio"]
[Result "1-0"]
[WhiteElo "2152"]
[BlackElo "1944"]
[PlyCount "63"]
[EventDate "2007.08.02"]
[EventType "swiss"]
[EventRounds "9"]
[EventCountry "ESP"]
[Source "lmi"]
[SourceDate "2007.08.02"]

1. e4 c6 2. Nf3 d5 3. Nc3 dxe4 4. Nxe4 Bf5 5. Ng3 Bg6 6. Bc4 Nd7 7. O-O Qc7 8.
d4 O-O-O 9. c3 Ngf6 10. b4 Nb6 11. Be2 e6 12. a4 Bd6 13. Qb3 Nbd5 14. b5 c5 15.
a5 Kd7 16. c4 Nf4 17. dxc5 Nxe2+ 18. Nxe2 Bxc5 19. b6 axb6 20. Bf4 Qc8 21. axb6
Ke7 22. Bc7 Rd3 23. Qb5 Bd6 24. Nc1 Rxf3 25. Bxd6+ Kxd6 26. gxf3 Rd8 27. Qb4+
Kd7 28. Nb3 Ke8 29. Rfd1 e5 30. Qb5+ Kf8 31. Qc5+ Kg8 32. Qc7 1-0

[Event "23. Aberto Xadrez Albariño"]
[Site "Cambados ESP"]
[Date "2007.08.09"]
[Round "8.1"]
[White "Ivanov, Jordan"]
[Black "Samolins, Vitalijs"]
[Result "1/2-1/2"]
[WhiteElo "2382"]
[BlackElo "2319"]
[PlyCount "21"]
[EventDate "2007.08.02"]
[EventType "swiss"]
[EventRounds "9"]
[EventCountry "ESP"]
[Source "lmi"]
[SourceDate "2007.08.02"]

1. e4 e5 2. Nf3 Nc6 3. Bb5 a6 4. Ba4 g6 5. c3 d6 6. O-O Bd7 7. d4 Bg7 8. Re1
Qe7 9. dxe5 dxe5 10. Bg5 Nf6 11. Nbd2 1/2-1/2

[Event "23. Aberto Xadrez Albariño"]
[Site "Cambados ESP"]
[Date "2007.08.09"]
[Round "8.2"]
[White "Manolache, Marius"]
[Black "Iotov, Valentin"]
[Result "0-1"]
[WhiteElo "2528"]
[BlackElo "2502"]
[PlyCount "98"]
[EventDate "2007.08.02"]
[EventType "swiss"]
[EventRounds "9"]
[EventCountry "ESP"]
[Source "lmi"]
[SourceDate "2007.08.02"]

1. d4 Nf6 2. c4 e6 3. Nf3 d5 4. Nc3 Bb4 5. cxd5 exd5 6. Bg5 Nbd7 7. Rc1 c6 8.
a3 Bxc3+ 9. Rxc3 O-O 10. Nd2 h6 11. Bh4 Re8 12. e3 c5 13. Be2 cxd4 14. exd4 Qb6
15. O-O Qxb2 16. Rb3 Qxd4 17. Rb4 Qc3 18. Rb3 Qc5 19. Bb5 g5 20. Bg3 a6 21.
Bxd7 Bxd7 22. Qa1 d4 23. Rxb7 Rec8 24. Rb4 Bb5 25. Rd1 Nd5 26. Nb3 Qb6 27.
Rbxd4 Nc3 28. Rd6 Nxd1 29. Qxd1 Rd8 30. Rxd8+ Qxd8 31. Qxd8+ Rxd8 32. h4 Rd3
33. Nc5 Rxa3 34. hxg5 hxg5 35. Ne4 Rd3 36. Bc7 Bc6 37. Nxg5 Rd7 38. Bb6 a5 39.
Bxa5 Rd5 40. Nxf7 Kxf7 41. Bc7 Rg5 42. Bg3 Ke6 43. Kf1 Be4 44. Kg1 Rg8 45. Kf1
Kd5 46. Kg1 Kc4 47. Kh2 Kd3 48. f3 Bb7 49. Be5 Ke2 0-1

[Event "23. Aberto Xadrez Albariño"]
[Site "Cambados ESP"]
[Date "2007.08.09"]
[Round "8.3"]
[White "Torrado Quintela, Julio"]
[Black "Starostits, Ilmars"]
[Result "0-1"]
[WhiteElo "2261"]
[BlackElo "2497"]
[PlyCount "152"]
[EventDate "2007.08.02"]
[EventType "swiss"]
[EventRounds "9"]
[EventCountry "ESP"]
[Source "lmi"]
[SourceDate "2007.08.02"]

1. d4 d5 2. Nf3 Bf5 3. Bg5 c5 4. e3 Nc6 5. dxc5 f6 6. Bh4 e5 7. Be2 Bxc5 8. O-O
Nge7 9. c3 a5 10. Nbd2 O-O 11. Nb3 Bb6 12. c4 a4 13. cxd5 Nxd5 14. Bc4 Be6 15.
Nbd2 Kh8 16. Rc1 a3 17. bxa3 Rxa3 18. Bb3 Na5 19. Nxe5 Nxb3 20. axb3 Nxe3 21.
Qh5 Nxf1 22. Ng6+ Kg8 23. Nxf8 Qxf8 24. Rxf1 Bc5 25. h3 b6 26. Re1 Bf7 27. Qg4
h5 28. Qd7 Qa8 29. Bg3 Qd5 30. Qxd5 Bxd5 31. Rb1 Kf7 32. Kf1 Ke6 33. f3 Bb4 34.
Ke2 Bxd2 35. Kxd2 Ra2+ 36. Ke3 Rxg2 37. Bc7 b5 38. b4 Rc2 39. Bb8 Rc3+ 40. Kd4
Rc4+ 41. Ke3 Rc8 42. Bh2 Rc3+ 43. Kd4 Rc4+ 44. Ke3 Rh4 45. Bb8 Rxh3 46. Rf1 g5
47. Kd4 Bc4 48. Rf2 Kf5 49. Bc7 Rh1 50. Rd2 Re1 51. Bg3 Re8 52. Rc2 Rd8+ 53.
Kc5 Rd5+ 54. Kb6 Rd3 55. Rf2 h4 56. Bb8 Kg6 57. Kc5 f5 58. Bd6 g4 59. fxg4 fxg4
60. Be7 h3 61. Rf6+ Kg7 62. Rf4 Rd5+ 63. Kb6 h2 64. Rxg4+ Kf7 65. Rh4 Kxe7 66.
Rxh2 Kd6 67. Rh6+ Ke5 68. Ka5 Rd1 69. Rh8 Ra1+ 70. Kb6 Kd4 71. Rh4+ Kc3 72. Kc5
Rd1 73. Rh3+ Rd3 74. Rh5 Kb3 75. Rg5 Ka4 76. Rf5 Rd5+ 0-1

[Event "23. Aberto Xadrez Albariño"]
[Site "Cambados ESP"]
[Date "2007.08.09"]
[Round "8.4"]
[White "Eyo Castro-Rial, Alberto"]
[Black "Dimitrov, Vladimir"]
[Result "0-1"]
[WhiteElo "2192"]
[BlackElo "2452"]
[PlyCount "66"]
[EventDate "2007.08.02"]
[EventType "swiss"]
[EventRounds "9"]
[EventCountry "ESP"]
[Source "lmi"]
[SourceDate "2007.08.02"]

1. e4 c5 2. Nf3 e6 3. d4 cxd4 4. Nxd4 Nc6 5. Nc3 Qc7 6. Be3 a6 7. Be2 Nf6 8.
O-O Be7 9. f4 d6 10. a4 O-O 11. Nb3 b6 12. Bf3 Rb8 13. Qe2 Na5 14. Rad1 Nc4 15.
Bc1 b5 16. axb5 axb5 17. Nd4 b4 18. Ncb5 Qc5 19. b3 Na5 20. Be3 Ba6 21. e5 dxe5
22. Nf5 Bxb5 23. Qf2 Qc7 24. Nxe7+ Qxe7 25. fxe5 Nd7 26. Rfe1 Bc6 27. Qg3 Bxf3
28. gxf3 Nc6 29. Bh6 f6 30. Rd6 Ncxe5 31. Rxe6 Qf7 32. f4 Kh8 33. fxe5 gxh6 0-1

[Event "23. Aberto Xadrez Albariño"]
[Site "Cambados ESP"]
[Date "2007.08.09"]
[Round "8.5"]
[White "Rusev, Krasimir"]
[Black "Garcia Castro, Pablo"]
[Result "1-0"]
[WhiteElo "2443"]
[BlackElo "2405"]
[PlyCount "101"]
[EventDate "2007.08.02"]
[EventType "swiss"]
[EventRounds "9"]
[EventCountry "ESP"]
[Source "lmi"]
[SourceDate "2007.08.02"]

1. d4 c5 2. e4 cxd4 3. Nf3 Nc6 4. Nxd4 Nf6 5. Nc3 d6 6. Bg5 Bd7 7. Qd2 Rc8 8.
f4 Qb6 9. Nb3 e6 10. Bxf6 gxf6 11. O-O-O Rg8 12. Kb1 a6 13. g3 h5 14. Be2 h4
15. g4 Be7 16. Rhf1 Na5 17. f5 Nc4 18. Bxc4 Rxc4 19. h3 a5 20. Qd3 Rb4 21. a3
Bb5 22. Nxb5 Rxb5 23. Qd4 Qxd4 24. Nxd4 Re5 25. Rfe1 Kd7 26. Rd3 exf5 27. Nxf5
Re8 28. Nxh4 Bf8 29. Rd4 d5 30. Red1 Rxe4 31. Rxd5+ Kc6 32. Nf5 Bc5 33. Nd6
Bxd6 34. Rxd6+ Kc7 35. Rxf6 R8e7 36. Rdf1 Kb8 37. Rxf7 R7e6 38. R1f4 Re2 39.
Rf2 Re1+ 40. Ka2 Rh1 41. R2f3 Rc1 42. Kb3 Ka7 43. a4 Re4 44. c3 Ra1 45. R7f4
Re6 46. Rf5 Rc6 47. Rb5 Rh1 48. Rf7 Rc1 49. Rfxb7+ Ka6 50. Rb8 Ka7 51. Rh8 1-0

[Event "23. Aberto Xadrez Albariño"]
[Site "Cambados ESP"]
[Date "2007.08.09"]
[Round "8.6"]
[White "Sanchez Aller, Fernando"]
[Black "Fernandez Losada, Daniel"]
[Result "1/2-1/2"]
[WhiteElo "2260"]
[BlackElo "2158"]
[PlyCount "27"]
[EventDate "2007.08.02"]
[EventType "swiss"]
[EventRounds "9"]
[EventCountry "ESP"]
[Source "lmi"]
[SourceDate "2007.08.02"]

1. e4 c5 2. Nf3 Nc6 3. d4 cxd4 4. Nxd4 Nf6 5. Nc3 d6 6. Bc4 e6 7. Be3 Be7 8.
Bb3 Qc7 9. Qe2 a6 10. O-O-O O-O 11. Rhg1 Nd7 12. g4 Nc5 13. Nf5 b5 14. Bd5
1/2-1/2

[Event "23. Aberto Xadrez Albariño"]
[Site "Cambados ESP"]
[Date "2007.08.09"]
[Round "8.7"]
[White "Rodriguez Lopez, Rafael"]
[Black "Casanova Nuñez, Javier"]
[Result "1/2-1/2"]
[WhiteElo "2292"]
[BlackElo "2152"]
[PlyCount "47"]
[EventDate "2007.08.02"]
[EventType "swiss"]
[EventRounds "9"]
[EventCountry "ESP"]
[Source "lmi"]
[SourceDate "2007.08.02"]

1. d4 b6 2. Bg5 Bb7 3. e3 Nf6 4. Bxf6 exf6 5. Nc3 f5 6. Nge2 g6 7. Nf4 Bd6 8.
Nd3 Nc6 9. Be2 Nb4 10. Nxb4 Bxb4 11. Bf3 Bxf3 12. Qxf3 O-O 13. O-O c6 14. Ne2
d5 15. a3 Bd6 16. Rfc1 b5 17. c3 Qc7 18. g3 Rfb8 19. b3 Qe7 20. Rc2 Qe4 21.
Qxe4 fxe4 22. Rca2 a5 23. Nc1 a4 24. b4 1/2-1/2

[Event "23. Aberto Xadrez Albariño"]
[Site "Cambados ESP"]
[Date "2007.08.09"]
[Round "8.8"]
[White "Torres Dominguez, David"]
[Black "Menendez Rey, Javier"]
[Result "0-1"]
[WhiteElo "2145"]
[BlackElo "2251"]
[PlyCount "35"]
[EventDate "2007.08.02"]
[EventType "swiss"]
[EventRounds "9"]
[EventCountry "ESP"]
[Source "lmi"]
[SourceDate "2007.08.02"]

1. e4 d6 2. d4 Nf6 3. Nc3 Nbd7 4. f4 e5 5. Bc4 exd4 6. Qxd4 c6 7. Nf3 d5 8.
exd5 Bc5 9. Qd3 O-O 10. dxc6 bxc6 11. Bd2 Re8+ 12. Kf1 Qc7 13. Ng5 Re7 14. Re1
Nb6 15. Nce4 Nxe4 16. Rxe4 Bf5 17. Bc3 Bxe4 18. Qg3 0-1

[Event "23. Aberto Xadrez Albariño"]
[Site "Cambados ESP"]
[Date "2007.08.09"]
[Round "8.9"]
[White "Perez Fungueiro, Manuel Antonio"]
[Black "Rodriguez Calvo, Manoel"]
[Result "1-0"]
[WhiteElo "2234"]
[BlackElo "2142"]
[PlyCount "93"]
[EventDate "2007.08.02"]
[EventType "swiss"]
[EventRounds "9"]
[EventCountry "ESP"]
[Source "lmi"]
[SourceDate "2007.08.02"]

1. c4 e5 2. g3 d6 3. Nc3 Nf6 4. Bg2 c6 5. d3 Be7 6. e4 O-O 7. Nge2 a6 8. O-O b5
9. b3 Bb7 10. h3 b4 11. Na4 c5 12. f4 Nh5 13. fxe5 dxe5 14. Be3 Nd7 15. g4 Nhf6
16. Ng3 Ne8 17. Qd2 Bc6 18. g5 Nc7 19. h4 g6 20. Bh3 Ne6 21. Bxe6 fxe6 22.
Rxf8+ Qxf8 23. Rf1 Qg7 24. Nb2 Rf8 25. Nd1 Rxf1+ 26. Nxf1 Qf7 27. Nh2 Bf8 28.
Nf2 Bg7 29. Nfg4 Kf8 30. Qg2 Qe7 31. Nf3 Qd6 32. Qe2 Bb7 33. Bf2 Kg8 34. Bg3 a5
35. Kf1 Bc6 36. Qc2 Kf7 37. Ke2 Ke7 38. Ke3 a4 39. bxa4 Qc7 40. Qh2 Qa5 41.
Ngxe5 Qxa4 42. Nxd7 Kxd7 43. Bb8 Ke8 44. Bd6 Qa7 45. Be5 Bf8 46. Bf6 Qd7 47.
Qb8+ 1-0

[Event "23. Aberto Xadrez Albariño"]
[Site "Cambados ESP"]
[Date "2007.08.09"]
[Round "8.10"]
[White "Campos Calvo-Sotelo, Javier"]
[Black "Stanoev, Atanas"]
[Result "1/2-1/2"]
[WhiteElo "2145"]
[BlackElo "1953"]
[PlyCount "80"]
[EventDate "2007.08.02"]
[EventType "swiss"]
[EventRounds "9"]
[EventCountry "ESP"]
[Source "lmi"]
[SourceDate "2007.08.02"]

1. d4 d5 2. Bg5 Nf6 3. Nf3 e6 4. e3 Be7 5. c4 h6 6. Bh4 O-O 7. Nc3 b6 8. cxd5
Nxd5 9. Bxe7 Qxe7 10. Bd3 Bb7 11. O-O Nd7 12. Rc1 c5 13. Nxd5 Bxd5 14. e4 Bb7
15. Re1 Rac8 16. Qe2 cxd4 17. Nxd4 Nc5 18. Bb1 Rfd8 19. Qe3 Qd7 20. Nf3 Qb5 21.
b3 Qb4 22. h4 a5 23. Ne5 Qb5 24. Qf4 Qe8 25. Nc4 Qc6 26. Rc3 f6 27. Rg3 Kh8 28.
Rg6 Rc7 29. Rxh6+ Kg8 30. Rg6 e5 31. Qg3 Qe6 32. h5 Rdd7 33. f3 Kh7 34. Ne3 Qe8
35. Nd5 Rc6 36. Ne3 Ne6 37. Nf5 Rcc7 38. Rg4 Nf4 39. Rxf4 exf4 40. Qxf4 Qxh5
1/2-1/2

[Event "23. Aberto Xadrez Albariño"]
[Site "Cambados ESP"]
[Date "2007.08.09"]
[Round "8.11"]
[White "De Dios Alija, Rafael"]
[Black "Milchev, Nikolay"]
[Result "0-1"]
[WhiteElo "2047"]
[BlackElo "2315"]
[PlyCount "70"]
[EventDate "2007.08.02"]
[EventType "swiss"]
[EventRounds "9"]
[EventCountry "ESP"]
[Source "lmi"]
[SourceDate "2007.08.02"]

1. e4 e5 2. d4 exd4 3. Nf3 Nc6 4. Nxd4 Nf6 5. Nxc6 bxc6 6. e5 Nd5 7. c4 Nb6 8.
Bd3 d6 9. exd6 cxd6 10. O-O Be7 11. Qh5 Be6 12. Re1 Qd7 13. Bg5 O-O-O 14. Bxe7
Qxe7 15. Nc3 Qc7 16. b3 h6 17. Rad1 Kb8 18. Ne4 Bc8 19. a4 Rhf8 20. a5 Nd7 21.
b4 Ne5 22. Qe2 Rfe8 23. Qf1 d5 24. cxd5 Rxd5 25. Be2 Red8 26. Nc5 R8d6 27. Rxd5
cxd5 28. Rc1 Qd8 29. f4 Nc4 30. Bxc4 dxc4 31. Qxc4 Rd1+ 32. Rxd1 Qxd1+ 33. Kf2
Qd2+ 34. Kf3 Qe1 35. Qe2 Bg4+ 0-1

[Event "23. Aberto Xadrez Albariño"]
[Site "Cambados ESP"]
[Date "2007.08.09"]
[Round "8.12"]
[White "Sanchez Quiroga, Miguel Angel"]
[Black "Cebrian Ramos, Jose Luis"]
[Result "1-0"]
[WhiteElo "2198"]
[BlackElo "2056"]
[PlyCount "103"]
[EventDate "2007.08.02"]
[EventType "swiss"]
[EventRounds "9"]
[EventCountry "ESP"]
[Source "lmi"]
[SourceDate "2007.08.02"]

1. e4 c5 2. Nf3 d6 3. d4 cxd4 4. Nxd4 Nf6 5. Nc3 a6 6. f4 e6 7. Bd3 Qc7 8. O-O
Nc6 9. Nf3 Be7 10. Qe2 O-O 11. Kh1 Re8 12. e5 Nd7 13. Ng5 Nf8 14. exd6 Bxd6 15.
f5 Ne5 16. f6 g6 17. Nce4 Nc6 18. Nxf7 Bxh2 19. Nfd6 Rd8 20. Kxh2 Rxd6 21. Nxd6
Qxd6+ 22. Kh1 Nd4 23. Bf4 Qxf4 24. Rxf4 Nxe2 25. Bxe2 Kf7 26. Rd1 Bd7 27. Bf3
Rc8 28. c3 Bc6 29. Rc4 Bxf3 30. Rxc8 Bxd1 31. Rc7+ Kxf6 32. Rxb7 Be2 33. b3 e5
34. c4 e4 35. Kg1 e3 36. Rb6+ Ne6 37. Rxa6 Ke5 38. Ra5+ Kd4 39. Rd5+ Ke4 40. a4
Bd3 41. a5 Nd4 42. Rd8 Ke5 43. a6 Be4 44. a7 Ne6 45. a8=Q Bxa8 46. Rxa8 Kd4 47.
Ra7 Kd3 48. Rd7+ Kc3 49. Re7 Nd4 50. Rxe3+ Kd2 51. Kf2 Nc2 52. Re2+ 1-0

[Event "23. Aberto Xadrez Albariño"]
[Site "Cambados ESP"]
[Date "2007.08.09"]
[Round "8.13"]
[White "Villar Perez, Samuel"]
[Black "Echarte Buil, Oscar"]
[Result "0-1"]
[WhiteElo "1841"]
[BlackElo "2134"]
[PlyCount "68"]
[EventDate "2007.08.02"]
[EventType "swiss"]
[EventRounds "9"]
[EventCountry "ESP"]
[Source "lmi"]
[SourceDate "2007.08.02"]

1. e4 c6 2. d4 d5 3. Nc3 dxe4 4. Nxe4 Bf5 5. Ng3 Bg6 6. Nf3 Nd7 7. h4 h6 8. h5
Bh7 9. Bd3 Bxd3 10. Qxd3 e6 11. Bf4 Qa5+ 12. Bd2 Bb4 13. Ne4 Ngf6 14. Nd6+ Ke7
15. Nc4 Bxd2+ 16. Nfxd2 Qc7 17. O-O-O Rhd8 18. Qa3+ c5 19. dxc5 Qxc5 20. Qg3
Kf8 21. Rh4 Nb6 22. Qf3 Nxc4 23. Rxc4 Qd5 24. Qa3+ Kg8 25. Rc7 Ne8 26. Rc3 Qxg2
27. Qe7 Rd4 28. Rf3 Nd6 29. c3 Rd5 30. Kb1 Rf8 31. Kc2 Nf5 32. Qxb7 Rfd8 33.
Qc6 Nh4 34. c4 Rd4 0-1

[Event "23. Aberto Xadrez Albariño"]
[Site "Cambados ESP"]
[Date "2007.08.10"]
[Round "9.1"]
[White "Iotov, Valentin"]
[Black "Starostits, Ilmars"]
[Result "1/2-1/2"]
[WhiteElo "2502"]
[BlackElo "2497"]
[PlyCount "79"]
[EventDate "2007.08.02"]
[EventType "swiss"]
[EventRounds "9"]
[EventCountry "ESP"]
[Source "lmi"]
[SourceDate "2007.08.02"]

1. c4 e5 2. g3 Nc6 3. Bg2 g6 4. Nc3 Bg7 5. Rb1 a5 6. d3 d6 7. e3 h5 8. h3 Nge7
9. Nge2 Be6 10. Nd5 Qd7 11. b3 Rb8 12. Bb2 O-O 13. Qd2 h4 14. g4 f5 15. g5 Bxd5
16. cxd5 Nb4 17. Nc3 c6 18. dxc6 bxc6 19. f4 exf4 20. exf4 Qa7 21. Ne2 Bxb2 22.
Rxb2 Ned5 23. a3 Ne3 24. Bf3 Nbd5 25. d4 a4 26. Qd3 axb3 27. Rxb3 Rxb3 28. Qxb3
Rb8 29. Qa2 Qa4 30. Kf2 Kg7 31. Bxd5 Nxd5 32. Rb1 Re8 33. Rb7+ Kg8 34. Qb2 Re4
35. Rd7 Qa8 36. Rb7 Qe8 37. Kf1 Ne3+ 38. Kg1 Nc4 39. Qb3 Rxe2 40. Rb8 1/2-1/2